000 00997cam a22002891 4500
001 gs 55000104
003 DLC
005 20260227111402.0
008 811022s1955 bccabf b 000 0 eng c
010 _ags 55000104
035 _a(OCoLC)7866538
040 _aU.S. Geol. Survey libr.
_cMoU
_dWaChenE
_dDLC
042 _apremarc
043 _an-cn-bc
050 0 0 _aTN27
_b.B72 no. 36
100 1 _aMcKechnie, Neil Douglas.
245 1 0 _aCoal reserves of the Hasler Creek-Pine River area, British Columbia.
260 _aVictoria,
_bD. McDiarmid, printer to the Queen,
_c1955.
300 _a32 p.
_billus., plates, maps, tables.
_c27 cm.
500 _aPart of the illustrative material is folded in pocket.
504 _aBibliographical footnotes.
650 0 _aCoal
_zBritish Columbia.
650 0 _aCoal
_xTesting.
650 0 _aCoal mines and mining
_zBritish Columbia.
650 0 _aBorings
_zBritish Columbia.
830 0 _aBulletin (British Columbia. Department of Mines) ;
_vno. 36.
999 _c28941
_d28941